000 00205 a2200097 4500
001 42587
100 _aFuller J.F.C
245 _aA military history
260 _aNew York
_bFunk
_c
090 _c26492
_d26492
942 _aNUST-CAE
_cM
_c18327
999 _c277660
_d277660